[Event "Winnipeg op"]
[Site "Winnipeg"]
[Date "2016.06.14"]
[Round "2"]
[White "Bonness, Will"]
[Black "Trueman, Francis"]
[Result "1-0"]
[WhiteElo "1878"]
[BlackElo "1465"]
[PlyCount "69"]
[EventDate "2016.06.07"]
[EventType "swiss"]
[EventRounds "8"]
[EventCountry "CAN"]
[SourceTitle "EXT 2022"]
[Source "ChessBase"]
[SourceDate "2021.10.06"]
[SourceVersion "1"]
[SourceVersionDate "2021.10.06"]
[SourceQuality "1"]

1. e4 d6 2. d4 Nf6 3. Nc3 Nbd7 4. Nf3 e5 5. Be3 g6 6. Qd2 Bg7 7. 0-0-0 a5 8. Be2 c6 9. Ng5 b5 10. f4 h6 11. dxe5 hxg5 12. exf6 Bxf6 13. fxg5 Be5 14. Bf3 Nb6 15. Bxb6 Qxb6 16. h4 a4 17. h5 Be6 18. Kb1 c5 19. Nd5 Qc6 20. Nf6+ Ke7 21. Nd5+ Ke8 22. Qe2 a3 23. b3 Ra7 24. Bg4 Bxd5 25. exd5 Qc7 26. Qxb5+ Ke7 27. hxg6 Rb8 28. Qf1 Kf8 29. Be6 Qa5 30. Qf3 Rab7 31. Rh3 Rxb3+ 32. cxb3 Rxb3+ 33. Qxb3 fxe6 34. dxe6 Qa8 35. Qf3+ 1-0

[Event "Winnipeg TNT February op"]
[Site "Winnipeg"]
[Date "2016.02.16"]
[Round "3.4"]
[White "Bonness, Will"]
[Black "Wolchock, Theo"]
[Result "1/2-1/2"]
[WhiteElo "1697"]
[BlackElo "1948"]
[PlyCount "64"]
[EventDate "2016.02.02"]
[EventType "swiss"]
[EventRounds "4"]
[EventCountry "CAN"]
[SourceTitle "EXT 2022"]
[Source "ChessBase"]
[SourceDate "2021.10.06"]
[SourceVersion "1"]
[SourceVersionDate "2021.10.06"]
[SourceQuality "1"]

1. e4 e5 2. Nf3 d6 3. d4 exd4 4. Nxd4 Nf6 5. Nc3 Be7 6. Be3 0-0 7. Qd2 c5 8. Nde2 Nc6 9. f3 a6 10. 0-0-0 Qa5 11. Nf4 Rd8 12. Kb1 b5 13. Ncd5 Qxd2 14. Rxd2 Nxd5 15. Nxd5 Be6 16. Nxe7+ Nxe7 17. Be2 Rd7 18. Rhd1 Rad8 19. f4 f5 20. e5 dxe5 21. Rxd7 Rxd7 22. Rxd7 Bxd7 23. Bxc5 Ng6 24. fxe5 Nxe5 25. Bd6 Nf7 26. Bc7 Bc6 27. g3 Ng5 28. c4 Nf3 29. Bxf3 Bxf3 30. c5 Kf7 31. Kc2 Ke6 32. Kd3 Bc6 1/2-1/2

[Event "Winnipeg Mundwiler Memorial"]
[Site "Winnipeg"]
[Date "2015.10.06"]
[Round "1.4"]
[White "Bonness, Will"]
[Black "Baron, Gustav L"]
[Result "0-1"]
[WhiteElo "1697"]
[BlackElo "2060"]
[PlyCount "164"]
[EventDate "2015.10.06"]
[EventType "swiss"]
[EventRounds "4"]
[EventCountry "CAN"]
[SourceTitle "EXT 2022"]
[Source "ChessBase"]
[SourceDate "2021.10.06"]
[SourceVersion "1"]
[SourceVersionDate "2021.10.06"]
[SourceQuality "1"]

1. e4 c6 2. d4 d5 3. exd5 cxd5 4. Bd3 Nf6 5. c3 Nc6 6. Bf4 Qb6 7. Qb3 Qxb3 8. axb3 Bg4 9. Nd2 e6 10. Ngf3 Be7 11. 0-0 0-0 12. Ne5 Nxe5 13. Bxe5 a6 14. f3 Bh5 15. b4 Nd7 16. Bf4 Bg6 17. Be2 f6 18. Rfe1 e5 19. Be3 Bd6 20. Nb3 Rfe8 21. Nc5 Bxc5 22. dxc5 Nf8 23. Bf2 Ne6 24. g3 Rad8 25. c6 bxc6 26. Rxa6 Rc8 27. Bd1 Bd3 28. Ra1 Ng5 29. Kg2 Nf7 30. Be2 Bxe2 31. Rxe2 Nd6 32. Bc5 Nf7 33. Ra6 Ng5 34. Re1 Ne6 35. Bf2 Ng5 36. h4 Nf7 37. Bc5 Nd8 38. Ra7 Ne6 39. Rea1 Rc7 40. Rxc7 Nxc7 41. Ra7 Rc8 42. Kf2 h5 43. Ke3 Ne6 44. Ra6 Kf7 45. Ra7+ Rc7 46. Ra6 g5 47. Bd6 Rc8 48. Ra7+ Kg6 49. Re7 Ng7 50. Kf2 Nf5 51. Rd7 gxh4 52. gxh4 Nxh4 53. Bc5 Nf5 54. Ra7 Ng7 55. Ra1 Ne6 56. Be3 Kf5 57. Kg3 Nf8 58. Rh1 Kg6 59. Rg1 Kf7 60. Kh4 Ng6+ 61. Kxh5 Rh8+ 62. Kg4 Rh2 63. Bc1 Nf8 64. Kg3 Rc2 65. Kg4 Ne6 66. Rh1 Ng7 67. Bh6 Rg2+ 68. Kh3 Rxb2 69. Ra1 Nf5 70. Ra7+ Kg6 71. Bf8 Rb3 72. Rc7 Rxc3 73. Kg4 Rc4+ 74. Kh3 Nd4 75. Rg7+ Kf5 76. Kg2 Ne6 77. Rg8 Nxf8 78. Rxf8 Rxb4 79. Kg3 Rb3 80. Rh8 e4 81. Rh5+ Ke6 82. Rh8 Rxf3+ 0-1

[Event "Winnipeg Yanofsky Memorial U1800"]
[Site "Winnipeg"]
[Date "2015.08.16"]
[Round "5.5"]
[White "Trueman, Francis"]
[Black "Bonness, Will"]
[Result "1/2-1/2"]
[WhiteElo "1462"]
[BlackElo "1761"]
[PlyCount "47"]
[EventDate "2015.08.14"]
[EventType "swiss"]
[EventRounds "5"]
[EventCountry "CAN"]
[SourceTitle "EXT 2022"]
[Source "ChessBase"]
[SourceDate "2021.10.06"]
[SourceVersion "1"]
[SourceVersionDate "2021.10.06"]
[SourceQuality "1"]

1. Nf3 d5 2. d3 Nc6 3. Nbd2 e5 4. e4 dxe4 5. dxe4 Bg4 6. g3 Bc5 7. c3 Nf6 8. Qe2 0-0 9. Bg2 a5 10. a4 Qe7 11. 0-0 Rad8 12. Re1 Rd7 13. Nf1 Rfd8 14. Be3 Nxe4 15. h3 Bxf3 16. Bxf3 Bxe3 17. Nxe3 Ng5 18. Bg2 Rd2 19. Qb5 Qf6 20. Ng4 Nf3+ 21. Kh1 Qf5 22. Ne3 Qf6 23. Ng4 Qf5 24. Ne3 1/2-1/2

[Event "Winnipeg Yanofsky Memorial U1800"]
[Site "Winnipeg"]
[Date "2015.08.15"]
[Round "3.5"]
[White "Bonness, Will"]
[Black "Gannon, Keith"]
[Result "0-1"]
[WhiteElo "1761"]
[BlackElo "1681"]
[PlyCount "74"]
[EventDate "2015.08.14"]
[EventType "swiss"]
[EventRounds "5"]
[EventCountry "CAN"]
[SourceTitle "EXT 2022"]
[Source "ChessBase"]
[SourceDate "2021.10.06"]
[SourceVersion "1"]
[SourceVersionDate "2021.10.06"]
[SourceQuality "1"]

1. e4 e5 2. Nf3 d6 3. d4 Nd7 4. d5 Ngf6 5. Nc3 Nc5 6. Bb5+ Bd7 7. Bxd7+ Qxd7 8. Qe2 Na4 9. Nxa4 Qxa4 10. c4 Be7 11. b3 Qd7 12. 0-0 0-0 13. Qd3 c6 14. a4 c5 15. Ba3 a5 16. Bc1 Qg4 17. Bg5 h6 18. Bxf6 Bxf6 19. Nd2 Bg5 20. Nb1 f5 21. f3 Qf4 22. Nc3 Qe3+ 23. Qxe3 Bxe3+ 24. Kh1 Bd4 25. Rac1 Bxc3 26. Rxc3 fxe4 27. Kg1 exf3 28. Rcxf3 Rxf3 29. Rxf3 Rf8 30. Re3 g5 31. Rf3 Rxf3 32. gxf3 Kg7 33. Kf2 Kg6 34. Kg3 h5 35. h4 Kf5 36. hxg5 Kxg5 37. Kg2 h4 0-1

[Event "Winnipeg op"]
[Site "Winnipeg"]
[Date "2015.07.21"]
[Round "8"]
[White "Bonness, Will"]
[Black "Boron, Anthony"]
[Result "0-1"]
[WhiteElo "1667"]
[BlackElo "2075"]
[PlyCount "112"]
[EventDate "2015.06.02"]
[EventType "swiss"]
[EventRounds "9"]
[EventCountry "CAN"]
[SourceTitle "EXT 2019"]
[Source "ChessBase"]
[SourceDate "2018.10.10"]
[SourceVersion "1"]
[SourceVersionDate "2018.10.10"]
[SourceQuality "1"]

1. e4 c5 2. c3 Nf6 3. e5 Nd5 4. d4 cxd4 5. cxd4 e6 6. Nf3 d6 7. Be2 Nc6 8. 0-0 Bd7 9. Nbd2 dxe5 10. dxe5 Qc7 11. Nc4 b5 12. Nd6+ Bxd6 13. exd6 Qb6 14. Ng5 h6 15. Ne4 a6 16. Qd3 Nd4 17. Bd1 Rc8 18. Nc3 Nb4 19. Qg3 Nf5 20. Qg4 Nd3 21. Be2 Nxc1 22. Raxc1 Qxd6 23. Rfd1 Qe7 24. Bd3 h5 25. Qf4 Qh4 26. Qd2 Qd4 27. Ne2 Qd6 28. Rxc8+ Bxc8 29. Bxb5+ Ke7 30. Qxd6+ Nxd6 31. Bd3 Rd8 32. Kf1 Nc4 33. Nc1 Nxb2 34. Rd2 Nxd3 35. Nxd3 a5 36. Ke2 Ba6 37. Ke3 Rxd3+ 38. Rxd3 Bxd3 39. Kxd3 Kd6 40. f4 Kc5 41. Kc3 f6 42. h3 e5 43. fxe5 fxe5 44. Kd3 Kb4 45. Ke4 Ka3 46. Kxe5 Kxa2 47. Ke6 a4 48. Kf7 a3 49. Kxg7 Kb3 50. Kh6 a2 51. Kxh5 a1Q 52. g3 Kc4 53. h4 Kd5 54. g4 Qh8+ 55. Kg5 Ke5 56. h5 Qf6# 0-1

[Event "Winnipeg op"]
[Site "Winnipeg"]
[Date "2015.06.02"]
[Round "1"]
[White "Baron, Gustav L"]
[Black "Bonness, Will"]
[Result "0-1"]
[WhiteElo "2031"]
[BlackElo "1667"]
[PlyCount "63"]
[EventDate "2015.06.02"]
[EventType "swiss"]
[EventRounds "9"]
[EventCountry "CAN"]
[SourceTitle "EXT 2019"]
[Source "ChessBase"]
[SourceDate "2018.10.10"]
[SourceVersion "1"]
[SourceVersionDate "2018.10.10"]
[SourceQuality "1"]

1. Nf3 d5 2. d4 Nf6 3. c4 e6 4. g3 Be7 5. Bg2 0-0 6. 0-0 c5 7. dxc5 Bxc5 8. Nbd2 Nc6 9. b3 d4 10. Bb2 e5 11. Ng5 Re8 12. Nge4 Bb6 13. a3 a5 14. Rc1 Qe7 15. Nxf6+ Qxf6 16. Ne4 Qe7 17. Qd2 f5 18. c5 Bc7 19. Ng5 Rd8 20. Nf3 Be6 21. b4 axb4 22. axb4 Qf6 23. Ra1 Rxa1 24. Rxa1 h6 25. b5 Ne7 26. b6 Bb8 27. Ra8 Nd5 28. Qa5 Bd7 29. Nxd4 Bc6 30. Nxc6 Qxc6 31. Bxe5 Nf4 32. Bxc6 0-1